00289nam a2200109 a 4500008004100000050001500041100001800056245004000074260003900114300001700153350000900170120416s1981 ||||||||||||||||| || u aN 8213 Hos aHoskins, W. G14aThe making of the English landscape aLondonbHodder and Stoughtonc1981 a326p. : ill. a0.00